00361nam a22001097a 4500003000400000008004100004082001700045100002400062245011900086260003100205502001500236OSt260508b |||||||| |||| 00| 0 eng d a633.11bS48S aSingh, Girish Kumar aStudies on Productivity of Wheat (Triticum asetivum L.) As Influenced by Plant Geometry and Nitrogen Fertilization aPusa,SamastipurbRAUc1987 bMsc.d1987